|
|
|
|
| LEADER |
01816nam a2200469 a 4500 |
| 001 |
000848688 |
| 003 |
CZ BrMZK |
| 005 |
20091203101657.0 |
| 007 |
ta |
| 008 |
070423s2006 xo e p 000 0 ger |
| 020 |
|
|
|a 978-80-227-2839-3
|q (brož.)
|q (dotisk :
|q brož.)
|
| 040 |
|
|
|a BOA001
|b cze
|
| 041 |
0 |
|
|a ger
|a slo
|
| 072 |
|
7 |
|a 811.112.2
|x Němčina
|2 Konspekt
|9 11
|
| 072 |
|
7 |
|a 37.016
|x Učební osnovy. Vyučovací předměty. Učebnice
|2 Konspekt
|9 22
|
| 080 |
|
|
|a 811.112.2
|2 MRF
|
| 080 |
|
|
|a 69
|2 MRF
|
| 080 |
|
|
|a 81'373.46
|2 MRF
|
| 080 |
|
|
|a (075.8)
|2 MRF
|
| 080 |
|
|
|a (083.73)
|2 MRF
|
| 100 |
1 |
|
|a Pálová, Alžbeta
|7 mzk2004258688
|4 aut
|
| 245 |
1 |
0 |
|a Deutsch im Bauwesen :
|b Schlüssel zu den Fachtexten und Fachübungen /
|c Alžbeta Pálová
|
| 250 |
|
|
|a 1. vyd.
|
| 260 |
|
|
|a Bratislava :
|b Vydavateľstvo STU,
|c 2006
|
| 300 |
|
|
|a 115 s. ;
|c 30 cm
|
| 490 |
1 |
|
|a Edícia skrípt
|
| 500 |
|
|
|a Na obálce pod názvem: Slovenská technická univerzita v Bratislave, Stavebná fakulta
|
| 500 |
|
|
|a 500 výt.
|
| 504 |
|
|
|a Obsahuje bibliografii
|
| 541 |
|
|
|a Bratislava, Centrum vedecko-technických informácií SR
|
| 650 |
0 |
7 |
|a němčina
|7 ph115512
|2 czenas
|
| 650 |
0 |
7 |
|a stavebnictví
|7 ph116275
|2 czenas
|
| 650 |
0 |
7 |
|a oborová terminologie
|7 ph138998
|2 czenas
|
| 655 |
|
7 |
|a učebnice vysokých škol
|7 fd133772
|2 czenas
|
| 655 |
|
7 |
|a klíče
|7 fd132547
|2 czenas
|
| 710 |
2 |
|
|a Slovenská technická univerzita (Bratislava, Slovensko).
|b Stavebná fakulta
|7 mzk2002157196
|
| 830 |
|
0 |
|a Edícia skrípt
|
| 910 |
2 |
|
|a BOA001
|b 3-1182.324
|
| 990 |
|
|
|a BK
|
| 991 |
|
|
|b 200705
|c NOV
|
| 996 |
7 |
|
|b 2610308214
|c 3-1182.324
|l MZK
|r Sklad / do 1 hodiny
|n 3
|p vým.
|w 000848688
|u 000010
|a 1
|e BOA001
|j MZK50
|s A
|
| 996 |
7 |
|
|b 2610403327
|c 3-1182.324
|l MZK
|r Sklad / do 1 hodiny
|n 0
|p vým
|w 000848688
|u 000020
|a 1
|e BOA001
|j MZK50
|s A
|